000 00379cam a22001337a 4500
008 180718b2009 xxu||||| |||| 00| 0 eng d
020 _a8180520579
082 _aO91 P979
245 _aEconomics of environment and development
_cedited by Pushpam Kumar
260 _aNew Delhi
_bAne Books
_c2009
300 _a340p.
650 _aEnvironmental economics
700 _aPushpam, Kumar
999 _c441018
_d441018